| 000 | 01157cam a2200205 4500 | ||
|---|---|---|---|
| 001 | ##L131579 | ||
| 008 | 051116n2005 000 0 eng u | ||
| 035 | _a(Sirsi) u131579 | ||
| 041 | 0 | _aeng | |
| 050 | 0 | 4 | _a333.73 $2 18 |
| 110 | 1 |
_aSavills Residential Research _93474 |
|
| 245 | 0 | 0 |
_aLand issues _bresidential development land |
| 260 | 0 |
_aLondon _bSavills _c2005 |
|
| 490 |
_aFPD Savills Research _v(4) Autumn 2005 |
||
| 520 | _aAsks where future land supply is going to come from? Discusses whether brownfield land is really the answer. Concludes that the ODPM estimate of potentially available brownfield land is unduly optimistic and notes that much of this land is located in regions of relatively low demand. Also suspects that the number of units being built on brownfield land will fall as a result of a limited suitable supply of previously developed land and changing market conditions. Tables. | ||
| 590 | _aIKA221105 | ||
| 690 | _aPROPERTY-RESIDENTIAL PROPERTY-RESIDENTIAL PROPERTY DEVELOPMENT | ||
| 856 | 4 | 0 |
_uhttps://www.savills.com _zView the research briefing free of charge after free registration at www.savills.com... |
| 942 | _n0 | ||
| 999 |
_c104788 _d104788 |
||